The return of the native : upper level

Αποθηκεύτηκε σε:
Λεπτομέρειες βιβλιογραφικής εγγραφής
Κύριος συγγραφέας: Hardy, Thomas
Μορφή: Βιβλίο
Γλώσσα:English
Δημοσίευση: Oxford : Heinemann, 1992
Θέματα:
Ετικέτες: Προσθήκη ετικέτας
Δεν υπάρχουν, Καταχωρήστε ετικέτα πρώτοι!

MARC

LEADER 00000nam a2200000 i 4500
001 1/23883
008 950324s1992 eng d
020 |a 0-435-27266-7 
035 |l 10022171 
040 |a GR-MY-UA  |b gre  |e aacr 
041 0 |a eng 
082 0 |a 428.64 
100 1 |a Hardy, Thomas. 
245 1 4 |a The return of the native :  |b upper level /  |c Thomas Hardy 
260 |a Oxford :   |b Heinemann,   |c 1992 
650 0 0 |a English language  |x Readers. 
852 |a INST  |b CHIOS  |e 19950324  |h 428.64 HAR  |p 005200003849  |q 005200003849  |t BK  |y 0 
909 |a Χ  |b 037417